Explorations : An introduction to astronomy /

Bewaard in:
Bibliografische gegevens
Hoofdauteur: Arny, Thomas.
Formaat: Sách giấy
Taal:Vietnamese
Gepubliceerd in: Boston : McGraw-Hill, 2004
Editie:3rd ed., updated.
Onderwerpen:
Tags: Voeg label toe
Geen labels, Wees de eerste die dit record labelt!
Thư viện lưu trữ: Thư viện Trường Đại học Đà Lạt
LEADER 00867nam a2200337 4500
001 DLU050031299
005 ##20050401
020 # # |a 0072465700 (pbk. : acid-free paper) 
020 # # |a 0072549580 (acid-free paper) 
040 # # |a DLU  |b vie 
041 # # |a vie 
044 # # |a vn 
050 # # |a QB45.2  |b .A76 2004 
082 # # |a 520  |b AR-T 
100 # # |a Arny, Thomas. 
245 # # |a Explorations :  |b An introduction to astronomy /  |c Thomas T. Arny. 
250 # # |a 3rd ed., updated. 
260 # # |a Boston :  |b McGraw-Hill,  |c 2004 
300 # # |a xix, 586 p. :  |b ill. (chiefly col.) ;  |c 29 cm 
500 # # |a Includes index. 
650 # # |a Astronomy. 
923 # # |a 03/2005 
992 # # |a 1.464 000 
994 # # |a DLU 
900 # # |a True 
911 # # |a Đào Thị Thu Huyền 
925 # # |a G 
926 # # |a A 
927 # # |a SH 
980 # # |a Thư viện Trường Đại học Đà Lạt